000 01942nam a2200181 i 4500
001 170703
003 ES-MaACL
005 20230906214435.0
008 090331s18581863sp |||| | spa d
080 _a94(460)
110 2 _aReal Academia de la Historia (España)
_96309
245 1 0 _aDiscursos leídos en las sesiones públicas que para dar posesión de plazas de número ha celebrado la Real Academia de la Historia,
_f1858-1863.
260 _aMadrid :
_b[s.n.],
_c1858 (
_fImp. de F. Sánchez)
300 _a1 v. ;
_c27 cm.
505 0 _aAlgunas consideraciones sobre la índole y naturaleza de la Institución real, y de los Concilios de Toledo durante la dominación goda / Juan Manuel Montalbán (46 p.). Discurso de contestación / P. Gómez de la Serna (p. 47-62). Historia de la Edad Media / Tomás Muñoz y Romero (64 p.). Contestación / J. Amador de los Ríos (p. 65-98). La dominación de los españoles en Italia / Antonio Cánovas del Castillo (50 p.). Contestación / S. Estébanez Calderón (p. 51-90). El estado de los estudios históricos en España durante el reinado de Carlos II / Carlos Ramón Fort (32 p.). Progresos que en los últimos treinta años ha hecho la historia de los pueblos primitivos... / Vicente Vázquez Queipo (42 p.). Discurso de contestación / A. Cavanilles (p. 43-58). Caracteres de la civilización de España / Pedro de Madrazo (63 p.). Contestación / A. Cavanilles (p. 65-76). Las tres Comunidades de Aragón / Vicente de la Fuente (64 p.). Contestación / M. Colmeiro (p.66-72). Las obras públicas en los antiguos tiempos: caminos romanos / Eduardo Saavedra (33 p.). Contestación / A. Fernández-Guerra y Orbe (p. 35-106). Consideraciones sobre la dominación de las razas africanas en España / Emilio Lafuente y Alcántara (44 p.). Contestación / A. Cánovas del Castillo (p. 45-72).
651 4 _aEspaña-
_xHistoria.
_98209
852 _aES-MaACL
_jK-117
_z- Enc. pasta española
999 _c170703
_d170703